000 00520nam a2200181Ia 4500
008 090124s9999 xx 000 0 und d
082 _b45535
100 _aकवी माधवी
245 _a प्रार्थनाविचार
250 _a1
260 _c2007
300 _a72+03
600 _aकवी माधवी
630 _a प्रार्थनाविचार
700 _aकवी माधवी
730 _a प्रार्थनाविचार
942 _cBOOK
999 _c111775
_d111775